000 00432nam a2200133Ia 4500
008 211119s9999||||xx |||||||||||||| ||und||
082 _a894.8124
_bGAN-U
100 _aGangadharan, M
245 0 _aU r Ananthamoorthy Prabhashanam-Sambhashanam-nireekshanam-katha
260 _bMathrubhumi Books
_a2011
_cKottayam
300 _a111p.
650 _aMalayalam Literature
_vMalayalam EssaysEconomics
_xPGR-GANDHIAN STUDIES
942 _cBOOK
999 _c112151
_d112151